[Event "Titled Tuesday intern op 09th Jul Early"]
[Site "Chess.com INT"]
[Date "2024.07.09"]
[Round "4"]
[White "Koshulyan, Egor A"]
[Black "Napoli, Nicolo"]
[Result "1-0"]
[WhiteElo "2224"]
[BlackElo "2228"]
[PlyCount "95"]
[EventDate "2024.07.09"]
[EventType "swiss (blitz)"]
[EventRounds "11"]
[EventCountry "USA"]
[SourceTitle "EXT 2025"]
[Source "ChessBase"]
[SourceDate "2024.10.14"]
[SourceVersion "1"]
[SourceVersionDate "2024.10.14"]
[SourceQuality "1"]

1. f4 Nf6 2. Nf3 d5 3. g3 g6 4. Bg2 Bg7 5. 0-0 0-0 6. d3 c5 7. Nc3 Nc6 8. e4 dxe4 9. dxe4 Nd4 10. e5 Ng4 11. h3 Nh6 12. Nxd4 cxd4 13. Ne2 f6 14. Qxd4 Qxd4+ 15. Nxd4 fxe5 16. fxe5 Nf5 17. Nxf5 Bxf5 18. Bf4 Bxc2 19. Bxb7 Rab8 20. Bd5+ Kh8 21. b3 g5 22. Bxg5 Bxe5 23. Bxe7 Bxa1 24. Rxa1 Rf5 25. Be6 Rf3 26. Bd6 Rb5 27. Rc1 Rf6 28. Re1 Kg7 29. Be5 Rxe5 30. Rxe5 Bb1 31. a3 Ba2 32. Bc4 Rf3 33. Kg2 Rc3 34. Re7+ Kf6 35. Rxa7 h5 36. Rb7 Kg5 37. Rb5+ Kh6 38. g4 h4 39. Rh5+ Kg6 40. Rxh4 Bb1 41. Rh5 Be4+ 42. Kf2 Kf6 43. Rb5 Kg6 44. Rb6+ Kg5 45. a4 Rxh3 46. a5 Kf4 47. Rf6+ Ke5 48. Rf8 1-0

[Event "Titled Tuesday intern op 09th Jul Early"]
[Site "Chess.com INT"]
[Date "2024.07.09"]
[Round "2"]
[White "Tari, Aryan"]
[Black "Koshulyan, Egor A"]
[Result "1-0"]
[WhiteElo "2637"]
[BlackElo "2224"]
[PlyCount "213"]
[EventDate "2024.07.09"]
[EventType "swiss (blitz)"]
[EventRounds "11"]
[EventCountry "USA"]
[SourceTitle "EXT 2025"]
[Source "ChessBase"]
[SourceDate "2024.10.14"]
[SourceVersion "1"]
[SourceVersionDate "2024.10.14"]
[SourceQuality "1"]

1. e4 c5 2. Nc3 Nc6 3. f4 g6 4. Nf3 Bg7 5. Bb5 e6 6. Bxc6 bxc6 7. e5 d5 8. 0-0 Ne7 9. d3 0-0 10. Na4 Qa5 11. b3 c4 12. Ba3 Re8 13. Qe1 Qa6 14. dxc4 dxc4 15. Ng5 Nd5 16. Ne4 Nb6 17. Nxb6 axb6 18. Bd6 cxb3 19. axb3 Qxa1 20. Qxa1 Rxa1 21. Rxa1 Bb7 22. Ra7 Ba8 23. Bc7 b5 24. Nc5 Bf8 25. Bd6 Bxd6 26. exd6 Rd8 27. Nd7 c5 28. Nxc5 Bd5 29. Nd7 Kg7 30. Ne5 Rxd6 31. Rxf7+ Kg8 32. Rc7 Ra6 33. Ng4 h5 34. Nf6+ Kf8 35. Kf2 Ra2 36. Kg3 b4 37. Kh4 Ra5 38. g3 Bf3 39. Nh7+ Ke8 40. Ng5 Bg4 41. Ne4 Be2 42. Rb7 Ra2 43. Rxb4 Rxc2 44. Kg5 Bd3 45. Nf6+ Ke7 46. Rb7+ Kf8 47. Nh7+ Ke8 48. Nf6+ Kf8 49. h3 Rg2 50. g4 hxg4 51. hxg4 Rc2 52. b4 Rb2 53. Nh7+ Ke8 54. Nf6+ Kf8 55. Nd7+ Ke8 56. Ne5 Be4 57. Rb6 Ke7 58. Nxg6+ Kd7 59. Ne5+ Ke7 60. Nc4 Rg2 61. Nd6 Bf3 62. f5 Rxg4+ 63. Kh6 exf5 64. Nxf5+ Kd7 65. Rd6+ Kc7 66. Rf6 Be4 67. Ne3 Rg3 68. Nc4 Bd5 69. Nd6 Rb3 70. b5 Kb6 71. Kg7 Bg2 72. Rg6 Bd5 73. Rg5 Kc5 74. Ne4+ Kd4 75. Nf6 Bc4 76. Rg4+ Kc5 77. Nd7+ Kxb5 78. Rg5+ Ka6 79. Nc5+ Kb6 80. Nxb3 Bxb3 81. Kf6 Kc6 82. Ke5 Kd7 83. Rg1 Ke7 84. Rc1 Kf7 85. Rc7+ Kg8 86. Rc3 Bf7 87. Kf6 Ba2 88. Ra3 Bc4 89. Ra4 Bb3 90. Rb4 Ba2 91. Kg6 Kh8 92. Kh6 Bg8 93. Rg4 Ba2 94. Rg2 Bg8 95. Rg3 Bd5 96. Kg6 Be4+ 97. Kf6 Bd5 98. Rg5 Bg8 99. Kg6 Bh7+ 100. Kf7 Bg8+ 101. Rxg8+ Kh7 102. Rg1 Kh6 103. Kf6 Kh5 104. Rg8 Kh4 105. Kf5 Kh3 106. Kf4 Kh2 107. Kf3 1-0

[Event "RUS-ch Higher League 74th"]
[Site "Nizhnij Novgorod"]
[Date "2024.07.03"]
[Round "7"]
[White "Rozum, Ivan"]
[Black "Koshulyan, Egor A"]
[Result "1-0"]
[WhiteElo "2490"]
[BlackElo "2224"]
[PlyCount "71"]
[EventDate "2024.06.26"]
[EventType "swiss"]
[EventRounds "9"]
[EventCountry "RUS"]
[SourceTitle "EXT 2025"]
[Source "ChessBase"]
[SourceDate "2024.10.14"]
[SourceVersion "1"]
[SourceVersionDate "2024.10.14"]
[SourceQuality "1"]

1. Nf3 d5 2. g3 c6 3. Bg2 Bg4 4. 0-0 Nd7 5. d4 e6 6. c4 Bd6 7. Nc3 Ngf6 8. Qb3 Bxf3 9. Bxf3 Rb8 10. e4 dxc4 11. Qxc4 e5 12. Be3 0-0 13. Rad1 Qe7 14. Bg2 b5 15. Qe2 exd4 16. Bxd4 Bc5 17. Bxf6 Nxf6 18. e5 Nd7 19. Rfe1 Qe6 20. Ne4 Be7 21. f4 Nc5 22. Nd6 Qxa2 23. Bxc6 Bxd6 24. exd6 Qa6 25. Qg2 Qb6 26. Kh1 Ne6 27. d7 Qc5 28. Re5 Qc4 29. Bd5 Qa4 30. b3 Qa6 31. Bxe6 fxe6 32. Qe4 Qa2 33. Rxb5 Rbd8 34. Qxe6+ Kh8 35. Qe4 Qf2 36. Rbd5 1-0

[Event "RUS-ch Higher League 74th"]
[Site "Nizhnij Novgorod"]
[Date "2024.07.01"]
[Round "5"]
[White "Koshulyan, Egor A"]
[Black "Frolyanov, Dmitry"]
[Result "1/2-1/2"]
[WhiteElo "2224"]
[BlackElo "2498"]
[PlyCount "46"]
[EventDate "2024.06.26"]
[EventType "swiss"]
[EventRounds "9"]
[EventCountry "RUS"]
[SourceTitle "EXT 2025"]
[Source "ChessBase"]
[SourceDate "2024.10.14"]
[SourceVersion "1"]
[SourceVersionDate "2024.10.14"]
[SourceQuality "1"]

1. e4 c5 2. Nf3 d6 3. d4 cxd4 4. Nxd4 Nf6 5. Nc3 a6 6. f3 e5 7. Nb3 Be6 8. Be3 h5 9. Qd2 Nbd7 10. Nd5 Bxd5 11. exd5 g6 12. 0-0-0 Nb6 13. Kb1 Nbxd5 14. Bg5 Be7 15. g3 Nb6 16. Bxf6 Bxf6 17. Qxd6 h4 18. g4 Qxd6 19. Rxd6 Bd8 20. Rd1 Be7 21. Bd3 0-0-0 22. Na5 Kc7 23. Nc4 Nxc4 1/2-1/2

[Event "Titled Tuesday intern op 18th Jun Early"]
[Site "Chess.com INT"]
[Date "2024.06.18"]
[Round "4"]
[White "Koshulyan, Egor A"]
[Black "Essing, Arnold"]
[Result "1-0"]
[WhiteElo "2224"]
[BlackElo "2230"]
[PlyCount "45"]
[EventDate "2024.06.18"]
[EventType "swiss (blitz)"]
[EventRounds "11"]
[EventCountry "USA"]
[SourceTitle "EXT 2025"]
[Source "ChessBase"]
[SourceDate "2024.10.14"]
[SourceVersion "1"]
[SourceVersionDate "2024.10.14"]
[SourceQuality "1"]

1. e4 Nf6 2. e5 Nd5 3. d4 d6 4. c4 Nb6 5. f4 dxe5 6. fxe5 c5 7. d5 e6 8. Nc3 exd5 9. cxd5 Qh4+ 10. g3 Qd4 11. Bf4 g5 12. Bxg5 Qxe5+ 13. Qe2 Bg7 14. Nb5 0-0 15. Qxe5 Bxe5 16. Nf3 a6 17. Nxe5 axb5 18. Nd3 Re8+ 19. Kf2 Nxd5 20. Nxc5 Nc6 21. Bg2 b6 22. Bxd5 Re5 23. Bxc6 1-0